[Event "GER-chT U20"]
[Site "Osnabrueck"]
[Date "2011.12.30"]
[Round "7.5"]
[White "Hofmann, Christoph"]
[Black "Zolfagharian, Kevin"]
[Result "0-1"]
[WhiteElo "1523"]
[BlackElo "1727"]
[PlyCount "66"]
[EventDate "2011.12.27"]
[EventType "team-swiss"]
[EventRounds "7"]
[EventCountry "GER"]
[SourceTitle "CBM 146 Extra"]
[Source "ChessBase"]
[SourceDate "2012.02.29"]
[SourceVersion "1"]
[SourceVersionDate "2012.02.29"]
[SourceQuality "1"]
[WhiteTeam "Gernsheim"]
[BlackTeam "Solingen"]
[WhiteTeamCountry "GER"]
[BlackTeamCountry "GER"]

1. d4 d5 2. c4 c6 3. cxd5 cxd5 4. Nc3 Nf6 5. Bg5 e6 6. Nf3 Nc6 7. e3 Bb4 8. a3 Bxc3+ 9. bxc3 Qa5 10. Qb3 Ne4 11. Rc1 Bd7 12. Bf4 0-0 13. Bd3 f5 14. 0-0 Nd8 15. c4 h6 16. Bxe4 dxe4 17. Ne5 Be8 18. c5 Bb5 19. Nc4 Bxc4 20. Rxc4 Qa6 21. Rb1 g5 22. Bc7 f4 23. Ra4 Qe2 24. Qb5 Qg4 25. h3 Qh4 26. exf4 gxf4 27. Qe2 f3 28. Qf1 Rf5 29. g3 Qg5 30. Bxd8 Rxd8 31. Rxa7 e3 32. fxe3 Qxg3+ 33. Kh1 Rh5 0-1

[Event "GER-chT U16"]
[Site "Naumburg"]
[Date "2010.12.28"]
[Round "3.4"]
[White "Hofmann, Christoph"]
[Black "Vogt, Marc Jonas"]
[Result "1/2-1/2"]
[WhiteElo "1640"]
[BlackElo "1791"]
[PlyCount "123"]
[EventDate "2010.12.27"]
[EventType "team-swiss"]
[EventRounds "7"]
[EventCountry "GER"]
[SourceTitle "CBM 140 Extra"]
[Source "ChessBase"]
[SourceDate "2011.03.01"]
[SourceVersion "1"]
[SourceVersionDate "2011.03.01"]
[SourceQuality "1"]
[WhiteTeam "Gernsheim"]
[BlackTeam "Stade"]
[WhiteTeamCountry "GER"]
[BlackTeamCountry "GER"]

1. d4 d5 2. c4 e6 3. cxd5 exd5 4. Nc3 Nf6 5. Bg5 Nbd7 6. Nf3 Bb4 7. Qb3 c5 8. dxc5 Qa5 9. a3 Bxc3+ 10. Qxc3 Qxc3+ 11. bxc3 Ne4 12. Be3 0-0 13. Bd4 Ndxc5 14. Bxc5 Nxc5 15. e3 Bf5 16. c4 dxc4 17. Bxc4 Rfd8 18. Nd4 Be4 19. 0-0 Rac8 20. Rac1 Nd3 21. Rc3 Ne5 22. Rfc1 Nxc4 23. Rxc4 Rxc4 24. Rxc4 Kf8 25. f3 Bd5 26. Rc7 Ke8 27. e4 Bxe4 28. fxe4 Rxd4 29. Rxb7 Ra4 30. e5 Kf8 31. g3 Rxa3 32. Kg2 g6 33. Kh3 a5 34. Kg4 h6 35. Ra7 Ra2 36. h3 Ra1 37. Kf3 a4 38. Kg2 a3 39. Kf2 a2 40. Kg2 h5 41. h4 Re1 42. Rxa2 Rxe5 43. Ra7 Re7 44. Ra4 Kg7 45. Rf4 f6 46. Ra4 Re5 47. Ra7+ Kh6 48. Ra6 Rf5 49. Rb6 g5 50. hxg5+ Kxg5 51. Rb4 Re5 52. Rb8 Ra5 53. Rb2 h4 54. gxh4+ Kxh4 55. Kf3 Kg5 56. Rb4 f5 57. Rb3 Ra1 58. Kf2 f4 59. Rc3 Kg4 60. Rb3 Ra2+ 61. Kf1 f3 62. Rb8 1/2-1/2

[Event "GER-chT U16"]
[Site "Naumburg"]
[Date "2010.12.27"]
[Round "2.4"]
[White "Hofmann, Christoph"]
[Black "Wild, Michael"]
[Result "1-0"]
[WhiteElo "1640"]
[BlackElo "1200"]
[PlyCount "81"]
[EventDate "2010.12.27"]
[EventType "team-swiss"]
[EventRounds "7"]
[EventCountry "GER"]
[SourceTitle "CBM 140 Extra"]
[Source "ChessBase"]
[SourceDate "2011.03.01"]
[SourceVersion "1"]
[SourceVersionDate "2011.03.01"]
[SourceQuality "1"]
[WhiteTeam "Gernsheim"]
[BlackTeam "Lappersdorf"]
[WhiteTeamCountry "GER"]
[BlackTeamCountry "GER"]

1. d4 d5 2. c4 dxc4 3. Nf3 Nf6 4. Bg5 Bf5 5. e3 Nc6 6. Bxc4 e6 7. 0-0 Bd6 8. Nc3 0-0 9. e4 Bg4 10. e5 Bxf3 11. gxf3 Bxe5 12. dxe5 Nxe5 13. Be2 Qxd1 14. Raxd1 Ne8 15. Be7 Nd6 16. Bxf8 Rxf8 17. Ne4 Nf5 18. Ng3 Ne7 19. Kg2 N5c6 20. Bb5 Nb4 21. a3 Nbd5 22. Ne2 c6 23. Ba4 b5 24. Bb3 Nb6 25. Rfe1 Ng6 26. Rc1 Rc8 27. Nd4 c5 28. Nxb5 a6 29. Nd6 Rc6 30. Ne4 c4 31. Ba2 Ne5 32. Red1 Nd3 33. Rxd3 cxd3 34. Rxc6 Nd7 35. Rd6 Nf8 36. Rxd3 h6 37. Rd8 a5 38. b4 axb4 39. axb4 f6 40. Bxe6+ Kh7 41. Rxf8 1-0